| 000 | 03162cam a2200505 i 4500 | ||
|---|---|---|---|
| 001 | 22398576 | ||
| 003 | BJBSDDR | ||
| 005 | 20260417170554.0 | ||
| 006 | a|||||r|||| 00| 0 | ||
| 007 | ta | ||
| 008 | 220126s2022 nyuab r 000 0deng | ||
| 010 | _a 2022901661 | ||
| 020 |
_a9780316383370 _q(hardcover) |
||
| 020 |
_a9780316500357 _q(signed) |
||
| 020 |
_a9780316500456 _q(Barnes & Noble signed) |
||
| 020 |
_z9780316383479 _q(epub) |
||
| 035 | _a22398576 | ||
| 040 |
_aDLC _beng _erda _cDLC _dDLC |
||
| 041 | _aeng | ||
| 042 | _apcc | ||
| 043 |
_an-us-dc _an-us--- |
||
| 050 | 0 | 0 |
_aF204.W5 _bS729w 2022 |
| 082 | 0 | 0 |
_a975.3/042 _223/eng/20230216 |
| 100 |
_aSouza, Pete, _d1954- _eauthor. _91777 |
||
| 245 | 1 | 4 |
_aThe West Wing and beyond : _bwhat I saw inside the presidency / _cPete Souza. |
| 246 | 3 | 0 | _aWhat I saw inside the presidency |
| 250 | _aFirst edition. | ||
| 264 | 1 |
_aNew York : _bVoracious / Little, Brown and Company, _c2022. |
|
| 300 |
_a253 pages : _billustrations (chiefly color), color map ; _c22 x 28 cm |
||
| 336 |
_atext _btxt _2rdacontent |
||
| 336 |
_astill image _bsti _2rdacontent |
||
| 337 |
_aunmediated _bn _2rdamedia |
||
| 338 |
_avolume _bnc _2rdacarrier |
||
| 505 | 0 | _aThe Oval Office -- The Outer Oval -- The Cabinet Room -- The Roosevelt Room -- The Situation Room -- The Brady Press Briefing Room -- The Colonnade -- The State Floor -- The Rose Garden -- The South Lawn -- Air Force One -- The traveling White House staff -- Marine One and the Nighthawks -- The protective bubble -- The spare -- The president comes to town -- The world stage -- Going home. | |
| 520 |
_a"Pete Souza has spent more time in the Oval Office than any person in history, former two-term Presidents excluded. During the Obama administration alone, Souza estimates that he was "inside the presidential bubble" for more than 25,000 hours, with a unique view on how democracy actually works. In Inside the Presidential Bubble, Souza brings the inner sanctum of the American Presidency to life and goes behind the scenes to share never-before-seen photographs and stories of life in the White House and traveling with the President across the country and around the world. Told with Pete's distinctive voice and brimming with gorgeous photography, Inside the Presidential Bubble offers a one-of-a-kind look into the daily intrigues and fascinating minutiae that make up the foundation of the American Presidency. It is an essential book for every American citizen"-- _cProvided by publisher. |
||
| 610 | 2 | 0 |
_aWhite House (Washington, D.C.) _xHistory _y21st century _vPictorial works. |
| 651 | 0 |
_aUnited States _xPolitics and government _y2009-2017 _vPictorial works. |
|
| 651 | 0 |
_aWashington (D.C.) _xSocial life and customs _y21st century _vPictorial works. |
|
| 655 | 7 |
_aIllustrated works. _2lcgft _0https://id.loc.gov/authorities/genreForms/gf2014026111 |
|
| 906 |
_a7 _bcbc _corignew _d2 _eepcn _f20 _gy-gencatlg |
||
| 942 |
_2lcc _n0 _cBK |
||
| 946 | _illh | ||
| 999 |
_c126843 _d126843 |
||